Actors / Actresses by their Characters - Picture Edition #6 - Statistics

General Stats
  • This quiz has been taken 61 times
  • The average score is 7 of 15
Answer Stats
Picture Answer % Correct
Benedict Cumberbatch
90%
Sarah Michelle Gellar
64%
Ralph Fiennes
62%
Julianne Moore
58%
J. K. Simmons
52%
Christoph Waltz
50%
Dakota Fanning
50%
Elizabeth Olsen
50%
Saoirse Ronan
48%
Mahershala Ali
42%
Glen Powell
30%
Doris Day
28%
Thandiwe Newton
26%
Ed Helms
24%
Jim Broadbent
24%
No matching quizzes found
Score Distribution
Percent of People with Each Score
Percentile by Number Answered
Your Score History
You have not taken this quiz